<?xml version="1.0" encoding="UTF-8"?><?xml-stylesheet type="text/xsl" href="static/style.xsl"?><OAI-PMH xmlns="http://www.openarchives.org/OAI/2.0/" xmlns:xsi="http://www.w3.org/2001/XMLSchema-instance" xsi:schemaLocation="http://www.openarchives.org/OAI/2.0/ http://www.openarchives.org/OAI/2.0/OAI-PMH.xsd"><responseDate>2026-04-17T01:09:28Z</responseDate><request verb="GetRecord" identifier="oai:www.recercat.cat:2117/444661" metadataPrefix="marc">https://recercat.cat/oai/request</request><GetRecord><record><header><identifier>oai:recercat.cat:2117/444661</identifier><datestamp>2026-02-04T00:39:01Z</datestamp><setSpec>com_2072_1033</setSpec><setSpec>col_2072_452949</setSpec></header><metadata><record xmlns="http://www.loc.gov/MARC21/slim" xmlns:dcterms="http://purl.org/dc/terms/" xmlns:xsi="http://www.w3.org/2001/XMLSchema-instance" xmlns:doc="http://www.lyncode.com/xoai" xsi:schemaLocation="http://www.loc.gov/MARC21/slim http://www.loc.gov/standards/marcxml/schema/MARC21slim.xsd">
   <leader>00925njm 22002777a 4500</leader>
   <datafield ind2=" " ind1=" " tag="042">
      <subfield code="a">dc</subfield>
   </datafield>
   <datafield ind2=" " ind1=" " tag="720">
      <subfield code="a">Butrón Revilla, Cinthya Lady</subfield>
      <subfield code="e">author</subfield>
   </datafield>
   <datafield ind2=" " ind1=" " tag="720">
      <subfield code="a">Manchego Huaquipaco, Edith Gabriela</subfield>
      <subfield code="e">author</subfield>
   </datafield>
   <datafield ind2=" " ind1=" " tag="260">
      <subfield code="c">2025-10-28</subfield>
   </datafield>
   <datafield ind2=" " ind1=" " tag="520">
      <subfield code="a">La enseñanza del diseño arquitectónico enfrenta el desafío de superar enfoques pedagógicos tradicionales que interpretan el programa arquitectónico de manera rígida, limitando la innovación proyectual. Se propone una metodología basada en el Research by Design (RbD) que articula el análisis tipológico de Enrico Tedeschi con la deconstrucción programática de Rem Koolhaas, transformando el taller en un laboratorio de investigación aplicada. A través de ejercicios secuenciales, desde el análisis crítico de viviendas emblemáticas hasta la recomposición gráfica de programas híbridos, los estudiantes desarrollan competencias para abordar el programa como un campo dinámico de posibilidades espaciales. Los resultados demuestran que la integración de lo analítico y lo experimental fomenta un pensamiento proyectual, donde la representación gráfica opera como herramienta de indagación crítica. La experiencia, implementada durante dos cursos, evidencia cómo esta aproximación pedagógica genera conocimientos transferibles y prepara a los futuros arquitectos para operar en contextos de complejidad programática.</subfield>
   </datafield>
   <datafield ind2=" " ind1=" " tag="520">
      <subfield code="a">The teaching of architectural design faces the challenge of overcoming traditional pedagogical approaches that interpret the architectural programme in a rigid manner, limiting design innovation. This article proposes a methodology based on Research by Design (RbD) that articulates Enrico Tedeschi's typological analysis with Rem Koolhaas's programmatic deconstruction, transforming the workshop into an applied research laboratory. Through sequential exercises, from the critical analysis of emblematic dwellings to the graphic recomposition of hybrid programmes, students develop skills to approach the programme as a dynamic field of spatial possibilities. The results demonstrate that the integration of the analytical and the experimental fosters design thinking, where graphic representation operates as a tool for critical inquiry. The experience, implemented over four consecutive courses, shows how this pedagogical approach generates transferable knowledge and prepares future architects to operate in contexts of programmatic complexity.</subfield>
   </datafield>
   <datafield ind2=" " ind1=" " tag="520">
      <subfield code="a">El Congreso (22893/OC/25) ha sido financiado por la Consejería de Medio Ambiente, Universidades, Investigación y Mar Menor, a través de la Fundación Séneca-Agencia de Ciencia y Tecnología de la Región de Murcia (http://www.fseneca.es) con cargo al Programa Regional de Movilidad, Colaboración internacional e Intercambio de Conocimiento “Jiménez de la Espada” en el marco de la convocatoria de ayudas a la organización de congresos y reuniones científico-técnicas (plan de actuación 2025).</subfield>
   </datafield>
   <datafield ind2=" " ind1=" " tag="520">
      <subfield code="a">Peer Reviewed</subfield>
   </datafield>
   <datafield tag="653" ind2=" " ind1=" ">
      <subfield code="a">Àrees temàtiques de la UPC::Arquitectura</subfield>
   </datafield>
   <datafield tag="653" ind2=" " ind1=" ">
      <subfield code="a">Àrees temàtiques de la UPC::Ensenyament i aprenentatge</subfield>
   </datafield>
   <datafield tag="653" ind2=" " ind1=" ">
      <subfield code="a">Architecture -- Study and teaching (Higher)</subfield>
   </datafield>
   <datafield tag="653" ind2=" " ind1=" ">
      <subfield code="a">Active learning</subfield>
   </datafield>
   <datafield tag="653" ind2=" " ind1=" ">
      <subfield code="a">Programación arquitectónica</subfield>
   </datafield>
   <datafield tag="653" ind2=" " ind1=" ">
      <subfield code="a">Pedagogía crítica</subfield>
   </datafield>
   <datafield tag="653" ind2=" " ind1=" ">
      <subfield code="a">Habitar contemporáneo</subfield>
   </datafield>
   <datafield tag="653" ind2=" " ind1=" ">
      <subfield code="a">Architectural programming</subfield>
   </datafield>
   <datafield tag="653" ind2=" " ind1=" ">
      <subfield code="a">Critical pedagogy</subfield>
   </datafield>
   <datafield tag="653" ind2=" " ind1=" ">
      <subfield code="a">Contemporary living</subfield>
   </datafield>
   <datafield tag="653" ind2=" " ind1=" ">
      <subfield code="a">Arquitectura -- Ensenyament universitari</subfield>
   </datafield>
   <datafield tag="653" ind2=" " ind1=" ">
      <subfield code="a">Aprenentatge actiu</subfield>
   </datafield>
   <datafield ind2="0" ind1="0" tag="245">
      <subfield code="a">Innovación gráfica y programa arquitectónico: diálogos entre Tedeschi y Koolhaas</subfield>
   </datafield>
   <datafield ind2="0" ind1="0" tag="245">
      <subfield code="a">Graphic innovation and architectural program: dialogues between Tedeschi and Koolhaas</subfield>
   </datafield>
</record></metadata></record></GetRecord></OAI-PMH>